[Event "Aberto do Brasil CONTAUD 2022"]
[Site "Cuiaba - MT - Brasil"]
[Date "2022.10.26"]
[Round "3"]
[Board "1"]
[White "Fier, Alexandr"]
[Black "Paredes Lagos, Anthony Javier"]
[Result "1-0"]
[WhiteElo "2592"]
[BlackElo "2211"]
[PlyCount "137"]
[EventDate "2022.10.25"]
[EventRounds "9"]
[EventCountry "BRA"]

1. e4 c5 2. Nf3 d6 3. d4 cxd4 4. Nxd4 Nf6 5. Nc3 a6 6. Be3 e5 7. Nb3 Be7 8. f3 Be6
9. Qd2 h5 10. Be2 Nbd7 11. Nd5 Nxd5 12. exd5 Bf5 13. Na5 Qc7 14. c4 e4 15. f4 Bf6
16. O-O Nc5 17. Nb3 a5 18. Bd4 Nxb3 19. axb3 Bxd4+ 20. Qxd4 Qc5 21. Rfd1 Kd7 22.
Kf1 Qxd4 23. Rxd4 Kc7 24. Ke1 Kb6 25. Kd2 h4 26. Kc3 Rh6 27. Rg1 Kc5 28. Rdd1 Bd7
29. Ra1 Rf6 30. Rxa5+ Rxa5 31. b4+ Kb6 32. bxa5+ Kxa5 33. g3 hxg3 34. hxg3 Rh6 35.
b4+ Kb6 36. Kd4 Rh2 37. c5+ Kc7 38. Ke3 f5 39. Rc1 Rg2 40. c6 Be8 41. g4 Rg3+ 42.
Kd4 Rg2 43. Bb5 bxc6 44. Bxc6 Bxc6 45. Rxc6+ Kd7 46. gxf5 Rb2 47. Kc3 Rb1 48. Ra6
e3 49. Ra7+ Kd8 50. Kd3 Rd1+ 51. Kxe3 Rxd5 52. Rxg7 Rxf5 53. Rg5 Rf6 54. Ke4 Kc7
55. f5 Rf8 56. Kd5 Rf6 57. Ke4 Rf8 58. Rg6 Kd7 59. b5 Re8+ 60. Kd4 Re7 61. Rg8 Rf7
62. Ke4 Kc7 63. Kf4 Kb6 64. Rd8 Kc5 65. Kg5 d5 66. Kg6 Rb7 67. f6 Rb6 68. Kf5 Rb7
69. Ke6  1-0

[Event "Aberto do Brasil CONTAUD 2022"]
[Site "Cuiaba - MT - Brasil"]
[Date "2022.10.26"]
[Round "3"]
[Board "2"]
[White "Labussiere, Yago"]
[Black "Matsuura, Everaldo"]
[Result "0-1"]
[WhiteElo "2213"]
[BlackElo "2445"]
[PlyCount "94"]
[EventDate "2022.10.25"]
[EventRounds "9"]
[EventCountry "BRA"]

1. d4 Nf6 2. c4 d6 3. Nc3 e5 4. Nf3 Nbd7 5. e4 Be7 6. Be2 O-O 7. O-O c6 8. Re1 Qc7
9. Bf1 Re8 10. d5 c5 11. a3 g6 12. g3 Nh5 13. b4 Ng7 14. Rb1 f5 15. Be3 b6 16. Qd3
Nf6 17. Ng5 Qd8 18. exf5 gxf5 19. Be2 Rf8 20. f4 h6 21. Nh3 Ng4 22. Bc1 Bf6 23. Kg2
Re8 24. Nf2 h5 25. Bf1 h4 26. Qc2 exf4 27. Bxf4 Bd4 28. Nxg4 fxg4 29. Rxe8+ Qxe8
30. Bd3 Qh5 31. Ne2 Bf5 32. Nxd4 cxd4 33. Re1 Rf8 34. Bxf5 Nxf5 35. Re6 hxg3 36.
hxg3 Ne3+ 37. Rxe3 dxe3 38. Qe2 Qh3+ 39. Kg1 Rxf4 40. gxf4 g3 41. Qf3 Kf7 42. c5
bxc5 43. bxc5 dxc5 44. f5 Qh2+ 45. Kf1 Qf2+ 46. Qxf2 exf2 47. d6 c4  0-1

[Event "Aberto do Brasil CONTAUD 2022"]
[Site "Cuiaba - MT - Brasil"]
[Date "2022.10.26"]
[Round "3"]
[Board "3"]
[White "Lima, Darcy"]
[Black "Pirola, Claudionor Alcides Lima"]
[Result "1-0"]
[WhiteElo "2420"]
[BlackElo "2157"]
[PlyCount "105"]
[EventDate "2022.10.25"]
[EventRounds "9"]
[EventCountry "BRA"]

1. Nf3 d5 2. g3 Nf6 3. Bg2 Bg4 4. d4 e6 5. O-O Be7 6. c4 c6 7. Qb3 Qb6 8. Nc3 Nbd7
9. c5 Qa6 10. Re1 b6 11. cxb6 axb6 12. e4 Bxf3 13. Bxf3 Qd3 14. Be3 Qa6 15. e5 Ng8
16. Be2 Qa5 17. a3 Bd8 18. Qc2 Ne7 19. b4 Qa7 20. Bd3 g6 21. g4 O-O 22. Bh6 Re8 23.
Qd2 b5 24. Ne2 Bb6 25. Qf4 Bd8 26. Nc1 Nc8 27. Nb3 Ncb6 28. Re3 Qc7 29. Rf3 Nf8 30.
Nc5 Qe7 31. h4 Ra7 32. Bg5 Qc7 33. Bh6 Qe7 34. Bg5 Qc7 35. Kg2 Bxg5 36. Qxg5 Qe7
37. Qh6 Rea8 38. Be2 Na4 39. Nb3 Nb6 40. Na5 Rc7 41. h5 Nc4 42. Nb3 Nb6 43. Bd3 Rca7
44. Na5 Rc7 45. Rh1 Nc4 46. Nxc4 dxc4 47. Be4 Rd8 48. Rd1 Qh4 49. Rg3 Qe7 50. Qf4
Nd7 51. g5 c5 52. dxc5 Nf8 53. Rd6  1-0

[Event "Aberto do Brasil CONTAUD 2022"]
[Site "Cuiaba - MT - Brasil"]
[Date "2022.10.26"]
[Round "3"]
[Board "4"]
[White "Gauche, Charles"]
[Black "Hoffman, Alejandro"]
[Result "0-1"]
[WhiteElo "2177"]
[BlackElo "2378"]
[PlyCount "33"]
[EventDate "2022.10.25"]
[EventRounds "9"]
[EventCountry "BRA"]

1. e4 g6 2. d4 Bg7 3. c4 c5 4. d5 d6 5. Nc3 Nf6 6. Be2 b5 7. cxb5 a6 8. bxa6 O-O
9. f3 Nxa6 10. Bc4 Nd7 11. Nge2 Ne5 12. Bb5 c4 13. Nf4 Qb6 14. Qe2 Nb4 15. Qe3 Nc2+
16. Ke2 Nxe3 17. Bxe3  0-1

[Event "Aberto do Brasil CONTAUD 2022"]
[Site "Cuiaba - MT - Brasil"]
[Date "2022.10.26"]
[Round "3"]
[Board "5"]
[White "Rodi, Luis Ernesto"]
[Black "Federzoni, Enzo"]
[Result "1-0"]
[WhiteElo "2312"]
[BlackElo "2139"]
[PlyCount "86"]
[EventDate "2022.10.25"]
[EventRounds "9"]
[EventCountry "BRA"]

1. e4 c5 2. Nc3 d6 3. d4 cxd4 4. Qxd4 Nc6 5. Qd2 g6 6. b3 Bh6 7. f4 Nf6 8. Bb2 e5
9. g3 O-O 10. O-O-O Re8 11. Kb1 Nd4 12. Qf2 Bg4 13. Re1 a5 14. h3 Bd7 15. Nf3 Nxf3
16. Qxf3 exf4 17. gxf4 d5 18. Bd3 dxe4 19. Nxe4 Bg7 20. Nxf6+ Bxf6 21. Rxe8+ Bxe8
22. Bxf6 Qxf6 23. a4 Bc6 24. Be4 Rd8 25. Bxc6 bxc6 26. Rd1 Rxd1+ 27. Qxd1 Qc3 28.
Qd3 Qc5 29. Kb2 h5 30. Qc3 Qb6 31. Qf6 Qc5 32. Qc3 Qb6 33. Qe5 Kf8 34. f5 gxf5 35.
Qxf5 Qd4+ 36. Ka2 Qc3 37. Kb1 h4 38. Qg4 Qg3 39. Qc8+ Kg7 40. Qf5 Qg1+ 41. Ka2 Qe1
42. Qg4+ Kh7 43. Qf5+ Kg7  1-0

[Event "Aberto do Brasil CONTAUD 2022"]
[Site "Cuiaba - MT - Brasil"]
[Date "2022.10.26"]
[Round "3"]
[Board "6"]
[White "Luz, Arthur Nader"]
[Black "Alboredo, Julia"]
[Result "1/2-1/2"]
[WhiteElo "2154"]
[BlackElo "2234"]
[PlyCount "66"]
[EventDate "2022.10.25"]
[EventRounds "9"]
[EventCountry "BRA"]

1. e4 c5 2. Nf3 d6 3. d4 cxd4 4. Nxd4 Nf6 5. Nc3 Nc6 6. Bc4 e6 7. Be3 Bd7 8. Qe2
Rc8 9. Bb3 Na5 10. O-O Be7 11. f4 Rxc3 12. bxc3 Nxe4 13. c4 f5 14. Qe1 O-O 15. Rd1
Qc7 16. Nb5 Bxb5 17. cxb5 d5 18. Bd4 Bc5 19. Kh1 Bxd4 20. Rxd4 Rf6 21. Qe3 Rh6 22.
g3 Nxb3 23. cxb3 Qc2 24. h4 Rg6 25. Rxe4 Qxe4+ 26. Qxe4 fxe4 27. Kg2 e5 28. fxe5
Re6 29. Kf2 d4 30. Rd1 d3 31. Ke3 Rxe5 32. Rf1 Rxb5 33. Kxe4 d2  1/2-1/2

[Event "Aberto do Brasil CONTAUD 2022"]
[Site "Cuiaba - MT - Brasil"]
[Date "2022.10.26"]
[Round "3"]
[Board "7"]
[White "Delgado Ramirez, Neuris"]
[Black "Lima, Stefan Moisei Vieira"]
[Result "1-0"]
[WhiteElo "2563"]
[BlackElo "2051"]
[PlyCount "54"]
[EventDate "2022.10.25"]
[EventRounds "9"]
[EventCountry "BRA"]

1. e4 c5 2. Nc3 a6 3. Nf3 d6 4. g3 Nf6 5. Bg2 g6 6. d3 Bg7 7. e5 dxe5 8. Nxe5 O-O
9. O-O Nbd7 10. Nc4 Qc7 11. a4 Re8 12. Re1 Rb8 13. a5 e5 14. f4 h5 15. h3 b5 16.
axb6 Nxb6 17. fxe5 Nfd7 18. e6 Rxe6 19. Rxe6 fxe6 20. Bf4 e5 21. Bg5 Bb7 22. Bxb7
Qxb7 23. Nd6 Qc6 24. Nce4 Nd5 25. b3 N7f6 26. Bxf6 Bxf6 27. c4 Nc3  1-0

[Event "Aberto do Brasil CONTAUD 2022"]
[Site "Cuiaba - MT - Brasil"]
[Date "2022.10.26"]
[Round "3"]
[Board "8"]
[White "Lima, Kleyton Alcantara"]
[Black "Do Amaral Vailant, Helena Kether"]
[Result "1-0"]
[WhiteElo "2109"]
[BlackElo "1502"]
[PlyCount "50"]
[EventDate "2022.10.25"]
[EventRounds "9"]
[EventCountry "BRA"]

1. e4 e5 2. Nf3 Nc6 3. Bb5 Bc5 4. c3 Nf6 5. d4 exd4 6. e5 Ng4 7. cxd4 Bb4+ 8. Nc3
O-O 9. O-O a6 10. Ba4 Be7 11. h3 Nh6 12. d5 Na7 13. Qd3 f5 14. exf6 Rxf6 15. Ne4
Rxf3 16. Qxf3 Nf7 17. Bc2 Ne5 18. Qh5 d6 19. Ng5 Bxg5 20. Qxh7+ Kf7 21. Qh5+ g6 22.
Qh7+ Kf8 23. f4 Bf6 24. fxe5 dxe5 25. Qh6+ Ke8  1-0

[Event "Aberto do Brasil CONTAUD 2022"]
[Site "Cuiaba - MT - Brasil"]
[Date "2022.10.26"]
[Round "3"]
[Board "9"]
[White "Jesus Filho, Jose Carlos"]
[Black "Lopes, Marcelo Ferreira"]
[Result "0-1"]
[WhiteElo "1723"]
[BlackElo "1963"]
[PlyCount "92"]
[EventDate "2022.10.25"]
[EventRounds "9"]
[EventCountry "BRA"]

1. e4 e6 2. d4 d5 3. exd5 exd5 4. Nf3 Bd6 5. Bd3 Bg4 6. O-O Nc6 7. c3 Nge7 8. Bg5
f6 9. Bh4 Qd7 10. b4 O-O 11. Nbd2 Bf5 12. Bb5 Ng6 13. Re1 Bg4 14. c4 Nxh4 15. cxd5
Nxf3+ 16. gxf3 Bh3 17. dxc6 Qf5 18. Bc4+ Kh8 19. Ne4 Rae8 20. Ng3 Rxe1+ 21. Qxe1
Bxg3 22. fxg3 Qxf3 23. Qf2 Qxc6 24. Bf1 Bxf1 25. Rxf1 Re8 26. Re1 Re4 27. a3 Qe6
28. Rxe4 Qxe4 29. d5 Qb1+ 30. Kg2 Qe4+ 31. Kg1 b6 32. Qd2 h6 33. d6 cxd6 34. Qxd6
Qe3+ 35. Kg2 Qxa3 36. h4 Kh7 37. h5 a5 38. Qxb6 Qxb4 39. Qe6 Qb2+ 40. Kh3 Qe5 41.
Qf7 Qf5+ 42. g4 Qd3+ 43. Kh4 a4 44. g5 fxg5+ 45. Kg4 Qe4+ 46. Kh3 a3  0-1

[Event "Aberto do Brasil CONTAUD 2022"]
[Site "Cuiaba - MT - Brasil"]
[Date "2022.10.26"]
[Round "3"]
[Board "10"]
[White "Freitas, Mauricio Mathioli"]
[Black "Pimentel, Lucas Dos Santos"]
[Result "0-1"]
[WhiteElo "1445"]
[BlackElo "1391"]
[PlyCount "69"]
[EventDate "2022.10.25"]
[EventRounds "9"]
[EventCountry "BRA"]

1. d4 d5 2. c4 e6 3. Nc3 Nf6 4. cxd5 exd5 5. Bg5 Be7 6. e3 O-O 7. Bd3 c6 8. Nge2
h6 9. Bh4 Ne4 10. Bxe7 Nxc3 11. Bxd8 Nxd1 12. Be7 Nxb2 13. Bh7+ Kxh7 14. Bxf8 Nd3+
15. Kf1 Bf5 16. h4 Nd7 17. Bd6 Re8 18. Ng3 Bg4 19. f3 Be6 20. Ba3 c5 21. dxc5 N7xc5
22. Ke2 Bd7 23. Kd2 Bb5 24. Nf5 Ba6 25. Nd4 Nd7 26. Bd6 Nb6 27. Bg3 Nb2 28. Rhe1
N2c4+ 29. Kd3 Nxe3+ 30. Kd2 Nbc4+ 31. Kc3 Rc8 32. Kb4 Nb2 33. Kb3 Na4 34. Rac1 Bc4+
35. Ka3  0-1

[Event "Aberto do Brasil CONTAUD 2022"]
[Site "Cuiaba - MT - Brasil"]
[Date "2022.10.26"]
[Round "3"]
[Board "11"]
[White "Oliveira, Leonardo Tadeu De Alme"]
[Black "Da Silva, Fabio Lima"]
[Result "0-1"]
[WhiteElo "2037"]
[BlackElo "1714"]
[PlyCount "42"]
[EventDate "2022.10.25"]
[EventRounds "9"]
[EventCountry "BRA"]

1. e4 c5 2. Nf3 d6 3. d4 cxd4 4. Nxd4 Nf6 5. Nc3 g6 6. Be3 Bg7 7. f3 O-O 8. Bc4 Nc6
9. Qd2 Bd7 10. O-O-O Rc8 11. Kb1 Nxd4 12. Qxd4 Ng4 13. Bxf7+ Kxf7 14. Qxa7 Nxe3 15.
Qxe3 Bxc3 16. bxc3 Qa5 17. Rd5 Rxc3 18. Qd4 Qc7 19. Qd2 Be6 20. Rd3 Bxa2+ 21. Kb2
Rxd3  0-1

[Event "Aberto do Brasil CONTAUD 2022"]
[Site "Cuiaba - MT - Brasil"]
[Date "2022.10.26"]
[Round "3"]
[Board "12"]
[White "Franco Filho, Sinvaldo Barreiros"]
[Black "Souza Dos Santos, Matheus Garcett"]
[Result "0-1"]
[WhiteElo "1648"]
[BlackElo "1990"]
[PlyCount "71"]
[EventDate "2022.10.25"]
[EventRounds "9"]
[EventCountry "BRA"]

1. e4 e5 2. Nf3 Nc6 3. Bb5 a6 4. Ba4 Nf6 5. Qe2 d6 6. h3 b5 7. Bb3 Na5 8. c3 Nxb3
9. axb3 Be6 10. b4 Be7 11. O-O O-O 12. Rd1 Bb3 13. Re1 Nh5 14. d3 f5 15. exf5 Rxf5
16. g4 Nf4 17. Bxf4 Rxf4 18. Nbd2 Bd5 19. d4 Qf8 20. Kg2 e4 21. Nh2 Bh4 22. Rf1 Bxf2
23. Rxf2 e3+ 24. Ndf3 exf2 25. Kg3 Re4 26. Qd2 Rae8 27. Qg5 c6 28. Rf1 h6 29. Qf5
Qxf5 30. gxf5 Rf8 31. Nh4 g5 32. Ng6 Rxf5 33. h4 gxh4+ 34. Nxh4 Rg5+ 35. Kxf2 Rh5
36. N2f3  0-1

[Event "Aberto do Brasil CONTAUD 2022"]
[Site "Cuiaba - MT - Brasil"]
[Date "2022.10.26"]
[Round "3"]
[Board "13"]
[White "Pires, Washington Gabriel"]
[Black "Shaffer, Alexander"]
[Result "1-0"]
[WhiteElo "1921"]
[BlackElo "1684"]
[PlyCount "77"]
[EventDate "2022.10.25"]
[EventRounds "9"]
[EventCountry "BRA"]

1. d4 g6 2. c4 Nf6 3. Nc3 Bg7 4. e4 d6 5. f3 O-O 6. Bd3 Nc6 7. Nge2 e5 8. d5 Nd4
9. Be3 Nh5 10. Qd2 f5 11. O-O-O c5 12. Rhf1 Qa5 13. Kb1 Bd7 14. h3 f4 15. Bf2 Rab8
16. Be1 a6 17. Nxd4 cxd4 18. Ne2 Qxd2 19. Bxd2 b5 20. Rc1 bxc4 21. Bxc4 Bb5 22. Bxb5
axb5 23. Rc6 Rfd8 24. Rfc1 Bf8 25. Rc7 Nf6 26. R1c6 Nd7 27. Nc1 Nb6 28. b3 Na8 29.
Ba5 Nxc7 30. Bxc7 Rdc8 31. Bxb8 Rxb8 32. Nd3 Rb7 33. Rc8 Kf7 34. Nb4 Be7 35. Na6
Bh4 36. Nc7 d3 37. Na6 d2 38. Kc2 Ra7 39. Rc7+  1-0

[Event "Aberto do Brasil CONTAUD 2022"]
[Site "Cuiaba - MT - Brasil"]
[Date "2022.10.26"]
[Round "3"]
[Board "14"]
[White "Cordeiro Silva, Marcos Antonio"]
[Black "De Oliveira, Yuri Garcia"]
[Result "0-1"]
[WhiteElo "1592"]
[BlackElo "1899"]
[PlyCount "72"]
[EventDate "2022.10.25"]
[EventRounds "9"]
[EventCountry "BRA"]

1. e4 c5 2. Nf3 d6 3. d4 cxd4 4. Nxd4 Nf6 5. Nc3 a6 6. h3 e5 7. Nde2 h5 8. Bg5 Be6
9. g3 Nbd7 10. Bg2 Be7 11. Qd2 b5 12. Bxf6 Nxf6 13. Nd5 Nxd5 14. exd5 Bd7 15. f4
Bf6 16. c3 h4 17. g4 exf4 18. Qxf4 Be5 19. Qf3 O-O 20. O-O b4 21. Nd4 bxc3 22. bxc3
Rb8 23. Rab1 Rxb1 24. Rxb1 Qa5 25. Nc6 Qxc3 26. Ne7+ Kh7 27. Qe4+ g6 28. Nc6 Bg3
29. Qe7 Re8 30. Qxf7+ Kh8 31. Ne7 Qe3+ 32. Kh1 Qxe7 33. Qxg6 Bb5 34. Qh6+ Qh7 35.
Qf6+ Qg7 36. Qxd6 Bxd6  0-1

[Event "Aberto do Brasil CONTAUD 2022"]
[Site "Cuiaba - MT - Brasil"]
[Date "2022.10.26"]
[Round "3"]
[Board "15"]
[White "Kazuhiro Shikasho, Erik"]
[Black "Vargas, Roberto Carlos Melgarejo"]
[Result "1-0"]
[WhiteElo "1895"]
[BlackElo "1683"]
[PlyCount "44"]
[EventDate "2022.10.25"]
[EventRounds "9"]
[EventCountry "BRA"]

1. e4 c5 2. Nf3 g6 3. d4 cxd4 4. Nxd4 Nc6 5. Nc3 Bg7 6. Be3 Nf6 7. Bc4 Qa5 8. O-O
d6 9. Bb3 O-O 10. h3 a6 11. f4 Rd8 12. Qf3 e6 13. Qf2 Nd7 14. Nxc6 bxc6 15. f5 exf5
16. exf5 d5 17. fxg6 fxg6 18. Rad1 Rf8 19. Qh4 Rxf1+ 20. Rxf1 Nc5 21. Nxd5 cxd5 22.
Bxd5+ Be6  1-0

[Event "Aberto do Brasil CONTAUD 2022"]
[Site "Cuiaba - MT - Brasil"]
[Date "2022.10.26"]
[Round "3"]
[Board "17"]
[White "Andrade, Guilherme A. De Souza"]
[Black "Borensztajn, David"]
[Result "1-0"]
[WhiteElo "1887"]
[BlackElo "1570"]
[PlyCount "69"]
[EventDate "2022.10.25"]
[EventRounds "9"]
[EventCountry "BRA"]

1. e4 c5 2. Nf3 Nc6 3. d4 cxd4 4. Nxd4 Nf6 5. Nc3 g6 6. Be3 Bg7 7. Nxc6 bxc6 8. e5
Ng8 9. Bd4 e6 10. Ne4 Ne7 11. Nd6+ Kf8 12. Bd3 Nf5 13. Bxf5 exf5 14. O-O Ba6 15.
Re1 h5 16. Qf3 Kg8 17. Qa3 Bc8 18. Qb3 Qe7 19. Bxa7 Qe6 20. Nxc8 Rxc8 21. Qxe6 dxe6
22. Rad1 Ra8 23. Rd7 Rc8 24. Bc5 Bh6 25. a4 Kg7 26. a5 Rhd8 27. Red1 Rxd7 28. Rxd7
Bf4 29. Bd6 Ra8 30. b4 Bc1 31. Kf1 g5 32. Ke2 Kg6 33. Rc7 Ra6 34. Rb7 f6 35. Rb6
 1-0

[Event "Aberto do Brasil CONTAUD 2022"]
[Site "Cuiaba - MT - Brasil"]
[Date "2022.10.26"]
[Round "3"]
[Board "18"]
[White "Gomes, Carlos"]
[Black "Felicio, Leonardo Demetrio De F."]
[Result "1/2-1/2"]
[WhiteElo "1538"]
[BlackElo "1880"]
[PlyCount "57"]
[EventDate "2022.10.25"]
[EventRounds "9"]
[EventCountry "BRA"]

1. e4 c5 2. Nf3 g6 3. d4 cxd4 4. Nxd4 Bg7 5. Nc3 Nc6 6. Be3 Nf6 7. Be2 O-O 8. O-O
d5 9. exd5 Nxd5 10. Nxd5 Qxd5 11. Bf3 Qc4 12. Nxc6 bxc6 13. c3 a5 14. b3 Qa6 15.
Be2 Qb7 16. Qc2 Qc7 17. Rad1 Be6 18. Rd2 h5 19. h4 Rad8 20. Rfd1 Rd7 21. Rxd7 Bxd7
22. c4 Be6 23. Qd2 Ra8 24. Bd4 Qd6 25. Bxg7 Qxd2 26. Rxd2 Kxg7 27. Bf3 Rc8 28. Kf1
a4 29. Bd1  1/2-1/2

[Event "Aberto do Brasil CONTAUD 2022"]
[Site "Cuiaba - MT - Brasil"]
[Date "2022.10.26"]
[Round "3"]
[Board "19"]
[White "Moyses Sobrinho, Elias"]
[Black "Oliveira, Joao Victor Da Silva"]
[Result "1-0"]
[WhiteElo "1848"]
[BlackElo "1528"]
[PlyCount "79"]
[EventDate "2022.10.25"]
[EventRounds "9"]
[EventCountry "BRA"]

1. d4 d5 2. c4 c6 3. e3 Nf6 4. Nc3 Bf5 5. Nf3 h6 6. cxd5 cxd5 7. Bb5+ Nbd7 8. Ne5
a6 9. Bd3 Bxd3 10. Qxd3 Nxe5 11. dxe5 Ne4 12. Qxd5 Nxc3 13. Qxd8+ Rxd8 14. bxc3 e6
15. Ke2 Bc5 16. Bb2 Ke7 17. c4 Rd7 18. Rhd1 Rhd8 19. Rxd7+ Rxd7 20. Rd1 Rxd1 21.
Kxd1 b5 22. cxb5 axb5 23. Kc2 Kd7 24. Kd3 g5 25. g4 Kc6 26. f4 gxf4 27. exf4 Kd5
28. h4 Bf2 29. h5 Bg3 30. Ke3 Bh2 31. Ba3 Bg1+ 32. Kf3 Bc5 33. Bxc5 Kxc5 34. g5 Kb4
35. gxh6 Ka3 36. h7 Kxa2 37. h8=Q b4 38. Qa8+ Kb2 39. h6 b3 40. h7  1-0

[Event "Aberto do Brasil CONTAUD 2022"]
[Site "Cuiaba - MT - Brasil"]
[Date "2022.10.26"]
[Round "3"]
[Board "20"]
[White "Duailibi, Ricardo Miguel"]
[Black "Mariano, Kaiki Pereira"]
[Result "0-1"]
[WhiteElo "1832"]
[BlackElo "1480"]
[PlyCount "90"]
[EventDate "2022.10.25"]
[EventRounds "9"]
[EventCountry "BRA"]

1. e4 c5 2. Nf3 d6 3. c3 Nc6 4. d4 cxd4 5. cxd4 Nf6 6. Nc3 Bg4 7. Be3 e6 8. h3 Bxf3
9. gxf3 d5 10. Qa4 Qb6 11. Bb5 a6 12. Bxc6+ bxc6 13. a3 Be7 14. Rg1 g6 15. e5 Nd7
16. b4 Qc7 17. Rc1 Nb6 18. Qa5 Qb7 19. Nb1 Nc4 20. Rxc4 dxc4 21. Nc3 h5 22. Ke2 O-O
23. Bg5 Rfd8 24. Be3 Rd7 25. Qa4 Kg7 26. Qc2 a5 27. bxa5 Qb3 28. Qd2 Qxa3 29. Bh6+
Kh7 30. Bg5 Bxg5 31. Rxg5 Rad8 32. Rxh5+ gxh5 33. Qg5 Qf8 34. Ne4 f5 35. Nf6+ Qxf6
36. exf6 c5 37. Qxh5+ Kg8 38. Qg6+ Kf8 39. Qh6+ Kg8 40. dxc5 c3 41. Qg6+ Kf8 42.
Qh6+ Kg8 43. Qg5+ Kf8 44. c6 Rh7 45. Qxf5 exf5  0-1

[Event "Aberto do Brasil CONTAUD 2022"]
[Site "Cuiaba - MT - Brasil"]
[Date "2022.10.26"]
[Round "3"]
[Board "21"]
[White "Haubert, Roberto Camargo"]
[Black "Assad, Leonardo Vaz De Figueiredo"]
[Result "0-1"]
[WhiteElo "1773"]
[BlackElo "1761"]
[PlyCount "62"]
[EventDate "2022.10.25"]
[EventRounds "9"]
[EventCountry "BRA"]

1. e4 c5 2. Nf3 e6 3. Nc3 a6 4. d4 cxd4 5. Nxd4 Qc7 6. Be2 Nf6 7. Nb3 Bb4 8. Bd2
O-O 9. Bd3 Nc6 10. O-O b6 11. Re1 Bd6 12. g3 Ne5 13. Bf4 Bb7 14. Rc1 Bb4 15. Bd2
Be7 16. Bf4 d6 17. Nd2 Rfd8 18. Nf3 Nc4 19. b3 Ne5 20. Nb1 Rac8 21. Nbd2 Qc3 22.
Nxe5 dxe5 23. Be3 Bc5 24. Bxc5 Qxc5 25. Qe2 b5 26. a4 b4 27. Bxa6 Bxa6 28. Qxa6 Rxd2
29. Re2 Nxe4 30. Rxd2 Nxd2 31. Qe2 Nxb3  0-1

[Event "Aberto do Brasil CONTAUD 2022"]
[Site "Cuiaba - MT - Brasil"]
[Date "2022.10.26"]
[Round "3"]
[Board "23"]
[White "Arruda Filho, Ivo Pereira De"]
[Black "Viana, Paulo Vitor Monteiro"]
[Result "1-0"]
[WhiteElo "1736"]
[BlackElo "1371"]
[PlyCount "68"]
[EventDate "2022.10.25"]
[EventRounds "9"]
[EventCountry "BRA"]

1. Nf3 Nc6 2. d4 d5 3. e3 Nf6 4. c3 g6 5. Nbd2 Bg7 6. Be2 O-O 7. O-O Re8 8. Bb5 Bd7
9. Re1 e5 10. Bxc6 Bxc6 11. Nxe5 Bb5 12. a4 Ba6 13. b4 b6 14. b5 Bb7 15. Ba3 Bf8
16. Bxf8 Rxf8 17. Qb3 Nd7 18. Nxd7 Qxd7 19. Nf3 Qd6 20. Ne5 c5 21. h3 Rfe8 22. a5
bxa5 23. Rxa5 Rxe5 24. dxe5 Qxe5 25. Qa3 c4 26. Rxa7 Rxa7 27. Qxa7 Qxc3 28. Rf1 Qd2
29. Qxb7 c3 30. b6 d4 31. Qc8+ Kg7 32. exd4 g5 33. b7 c2 34. b8=Q g4  1-0

[Event "Aberto do Brasil CONTAUD 2022"]
[Site "Cuiaba - MT - Brasil"]
[Date "2022.10.26"]
[Round "3"]
[Board "24"]
[White "Belina, Jose Carlos Fernandes"]
[Black "Gomes, Mateus Ferreira"]
[Result "1-0"]
[WhiteElo "1348"]
[BlackElo "1690"]
[PlyCount "122"]
[EventDate "2022.10.25"]
[EventRounds "9"]
[EventCountry "BRA"]

1. e4 c5 2. Nf3 Nc6 3. Bb5 d6 4. Bxc6+ bxc6 5. O-O Bg4 6. d3 Nf6 7. h3 Bh5 8. Nbd2
e6 9. Re1 Nd7 10. c3 Be7 11. Nf1 Ne5 12. g4 Nxf3+ 13. Qxf3 Bg6 14. Ng3 O-O 15. Be3
d5 16. Rad1 d4 17. Bd2 e5 18. Nf5 f6 19. Rc1 a5 20. a4 Rb8 21. Rc2 Qc7 22. Nxe7+
Qxe7 23. cxd4 cxd4 24. Bxa5 Qa7 25. b4 Rfc8 26. Rec1 Qa6 27. Rc5 Bf7 28. Qd1 Be6
29. Qc2 Bd7 30. Qc4+ Qxc4 31. R5xc4 Ra8 32. Kf1 Kf7 33. Ke2 Kg6 34. Kf3 h5 35. gxh5+
Kxh5 36. Rg1 g5 37. Kg3 c5 38. Ra1 cxb4 39. Rxc8 Bxc8 40. Bxb4 Ba6 41. Ra3 Rc8 42.
Be7 Kg6 43. Bb4 Rc1 44. Kf3 Rd1 45. Ke2 Rh1 46. Bd6 Rxh3 47. Rb3 g4 48. a5 g3 49.
fxg3 Rxg3 50. Bc7 Rg2+ 51. Kd1 Kg5 52. Bd8 Rf2 53. Ra3 Kg4 54. Rb3 f5 55. exf5 Rxf5
56. Bb6 Kf4 57. Ke2 Rh5 58. Bc7 Rh2+ 59. Kd1 Rh3 60. Ke2 Kf5 61. Kd2 e4  1-0

[Event "Aberto do Brasil CONTAUD 2022"]
[Site "Cuiaba - MT - Brasil"]
[Date "2022.10.26"]
[Round "3"]
[Board "25"]
[White "Ramos, Angelo Bil"]
[Black "Oliveira, Olavo Tadeu Carvalho"]
[Result "1-0"]
[WhiteElo "1970"]
[BlackElo "1440"]
[PlyCount "85"]
[EventDate "2022.10.25"]
[EventRounds "9"]
[EventCountry "BRA"]

1. d4 Nf6 2. c4 e6 3. Nc3 Bb4 4. a3 Bxc3+ 5. bxc3 d5 6. cxd5 exd5 7. Bg5 O-O 8. Nf3
c6 9. Qc2 Nbd7 10. e3 h6 11. Bh4 Re8 12. Bd3 c5 13. O-O c4 14. Bh7+ Kh8 15. Bf5 Nf8
16. Ne5 Kg8 17. Rab1 b6 18. Ng4 Bxf5 19. Qxf5 N8d7 20. Rb5 Qc8 21. Nxf6+ Nxf6 22.
Qxc8 Raxc8 23. Bxf6 gxf6 24. Rxd5 Rc7 25. Rb1 Kg7 26. h4 Kg6 27. g3 Kg7 28. Kg2 Kf8
29. Kf3 Ke7 30. a4 Ke6 31. e4 Ke7 32. Kf4 Kf8 33. f3 Kg7 34. g4 Kg6 35. Rbb5 Rce7
36. Rd6 Rc7 37. h5+ Kg7 38. Kf5 Rec8 39. Rxf6 Re8 40. e5 Rec8 41. f4 Re8 42. g5 hxg5
43. fxg5  1-0

[Event "Aberto do Brasil CONTAUD 2022"]
[Site "Cuiaba - MT - Brasil"]
[Date "2022.10.26"]
[Round "3"]
[Board "26"]
[White "De Oliveira, Tobias Luiz Carvalho"]
[Black "Santana Magalhaes, Amanda Borges"]
[Result "1/2-1/2"]
[WhiteElo "1219"]
[BlackElo "1596"]
[PlyCount "83"]
[EventDate "2022.10.25"]
[EventRounds "9"]
[EventCountry "BRA"]

1. c4 e5 2. Nc3 c5 3. e4 Nc6 4. Nge2 d6 5. d3 f5 6. exf5 Bxf5 7. f4 Nf6 8. fxe5 Nxe5
9. Ng3 Bg6 10. Be2 Be7 11. O-O O-O 12. Nf5 Bxf5 13. Rxf5 Ng6 14. Rf1 Qd7 15. Bg5
Rae8 16. Bd2 d5 17. cxd5 Nxd5 18. Nxd5 Qxd5 19. Bc3 b6 20. Bf3 Qd6 21. Be4 Rxf1+
22. Qxf1 Rf8 23. Qe2 Nf4 24. Qe3 Bg5 25. Be5 Qd8 26. Bxf4 Bxf4 27. Qe2 Qd4+ 28. Kh1
Be5 29. Rb1 Rf2 30. Bd5+ Kh8 31. Qe4 Qxe4 32. Bxe4 Bxb2 33. Bd5 g5 34. Re1 Rf5 35.
Bc4 Re5 36. Rf1 Re7 37. h3 Kg7 38. g4 Bf6 39. Rf3 Re2 40. Kg1 Rb2 41. a4 Re2 42.
Bb5  1/2-1/2

[Event "Aberto do Brasil CONTAUD 2022"]
[Site "Cuiaba - MT - Brasil"]
[Date "2022.10.26"]
[Round "3"]
[Board "27"]
[White "De Almeida, Daniel Costa"]
[Black "Paniago, Lucio Erloiny Silva"]
[Result "0-1"]
[WhiteElo "1800"]
[BlackElo "1468"]
[PlyCount "62"]
[EventDate "2022.10.25"]
[EventRounds "9"]
[EventCountry "BRA"]

1. d4 Nf6 2. c4 g6 3. Nc3 Bg7 4. Bf4 O-O 5. Nf3 d6 6. e3 Re8 7. Bd3 Nbd7 8. e4 e5
9. dxe5 dxe5 10. Bg3 Nh5 11. O-O c6 12. Bh4 Qc7 13. Re1 Nc5 14. Qc2 Be6 15. a3 f6
16. Red1 Bg4 17. Be2 Nf4 18. b4 Nce6 19. Rd2 Bxf3 20. Bxf3 Nd4 21. Qd1 Red8 22. Bg4
h5 23. Be2 g5 24. Bg3 Ndxe2+ 25. Nxe2 Nxe2+ 26. Qxe2 Rxd2 27. Qxd2 h4 28. Bxh4 Rd8
29. Qe3 gxh4 30. Qxa7 Rd4 31. Qa8+ Kh7  0-1